000 00908nam a22002297a 4500
001 44230
003 BD-RjUL
005 20211209053823.0
008 160716s1989 ii ||||| |||| 00| 0 ben d
020 _c: IRs 50.00
035 _a(BD-RjUL)44348
040 _aBD-RjUL
_bben
_cBD-RjUL
041 _aben
082 _223
_a891.4409
_bGHB 1989
100 _aঘোষ, অমলকুমার
_9135810
245 1 0 _aবাংলা সাহিত্যে অলৌ্কিক ও অতিপাকৃত /
_cঅমলকুমার ঘোষ
260 _aকলিকাতা :
_bপুস্তক বিপণি,
_c১৯৮৯
300 _axiv, ২৫০ পৃ. ;
_c২১ সেমি.
650 _aবাংলা সাহিত্য
_xইতিহাস ও সমালোচনা
_9135811
650 _aBengali Li8terature
_xHistory & Criticism
_9135812
942 _2ddc
_cBK
999 _c44230
_d44230